000 01698nam0a2200349 4500
001 RU\NLR\bibl\1743289
005 20250630113613.0
010 _a5-85240-023-8
_9100000
035 _a(NLR Aleph) 001734195
090 _a1418615
_c1418615
100 _a20110304d1992 |||y0rusy50 ca
101 0 _arus
102 _aRU
105 _aa |||||||||
200 1 _aТибетская книга мертвых (Бардо Тёдол)
_f[текст: Е. Цветков
_gпредисл.: проф. П. Гуревич
_gвступ. ст.: проф. С. Вронский
_gхудож.: А. Державин]
210 _aМосква
_cПОДИУМ
_d1992
215 _a93, [2] с.
_cил.
_d20
300 _aЗагл. обл.: Тибетская книга мертвых
300 _aАвт. указан на обороте тит. л.
327 1 _aВ кн. также: Психологический комментарий доктора К.Г. Юнга
464 0 _12001#$aПсихологический комментарий доктора К.Г. Юнга
_1700#1$3RU\NLR\auth\772816$aЮнг$bК. Г.$f1875-1961$gКарл Густав$4070
_tПсихологический комментарий доктора К.Г. Юнга
_aЮнг, Карл Густав (1875-1961)
512 1 _aТибетская книга мертвых
606 1 _aСмерть
_xБуддийская концепция
_92241635
_3RU\NLR\auth\661345079
686 _aЭ35-431.6
700 1 _aЦветков
_bЕ.
_4070
702 1 _aДержавин
_bА.
_4040
801 0 _aRU
_bNLR
_c20110304
_gRCR
801 1 _aRU
_bNLR
_c20110304
942 _cBOOK
980 _aNB